<?xml version="1.0" encoding="UTF-8"?>
<record
    xmlns:xsi="http://www.w3.org/2001/XMLSchema-instance"
    xsi:schemaLocation="http://www.loc.gov/MARC21/slim http://www.loc.gov/standards/marcxml/schema/MARC21slim.xsd"
    xmlns="http://www.loc.gov/MARC21/slim">

  <leader>00691nam a22002417a 4500</leader>
  <controlfield tag="003">UA-OsUOA</controlfield>
  <controlfield tag="001"> 124707 </controlfield>
  <controlfield tag="007">ta</controlfield>
  <controlfield tag="008">20170822b un ||||| |||| 00| 0 ukr d</controlfield>
  <datafield tag="100" ind1=" " ind2=" ">
    <subfield code="a">&#x424;&#x43E;&#x43B;&#x44C;&#x432;&#x430;&#x440;&#x43E;&#x447;&#x43D;&#x438;&#x439; &#x412;.</subfield>
  </datafield>
  <datafield tag="090" ind1=" " ind2=" ">
    <subfield code="a">821.161.2:929</subfield>
    <subfield code="b">&#x424;75</subfield>
  </datafield>
  <datafield tag="942" ind1=" " ind2=" ">
    <subfield code="c">BK</subfield>
  </datafield>
  <datafield tag="040" ind1=" " ind2=" ">
    <subfield code="a">UA-OsUOA</subfield>
    <subfield code="b">ukr</subfield>
    <subfield code="c">UA-OsUOA</subfield>
    <subfield code="d">UA-OsUOA</subfield>
  </datafield>
  <datafield tag="245" ind1=" " ind2=" ">
    <subfield code="a">&#x421;&#x43D;&#x456;&#x433; &#x43D;&#x430; &#x437;&#x435;&#x43B;&#x435;&#x43D;&#x43E;&#x43C;&#x443; &#x43B;&#x438;&#x441;&#x442;&#x456;</subfield>
    <subfield code="b">&#x440;&#x43E;&#x43C;&#x430;&#x43D;-&#x445;&#x440;&#x43E;&#x43D;&#x456;&#x43A;&#x430; &#x43F;&#x440;&#x43E; &#x41C;&#x438;&#x445;&#x430;&#x439;&#x43B;&#x430; &#x422;&#x43A;&#x430;&#x447;&#x430;</subfield>
  </datafield>
  <datafield tag="300" ind1=" " ind2=" ">
    <subfield code="a">495 &#x441;.</subfield>
  </datafield>
  <datafield tag="955" ind1=" " ind2=" ">
    <subfield code="a">3</subfield>
  </datafield>
  <datafield tag="041" ind1=" " ind2=" ">
    <subfield code="a">ukr</subfield>
  </datafield>
  <datafield tag="080" ind1=" " ind2=" ">
    <subfield code="a">821.161.2:929</subfield>
  </datafield>
  <datafield tag="020" ind1=" " ind2=" ">
    <subfield code="a">978-966-432-127-0</subfield>
  </datafield>
  <datafield tag="260" ind1=" " ind2=" ">
    <subfield code="a">&#x41A;.</subfield>
    <subfield code="c">2013</subfield>
  </datafield>
  <datafield tag="650" ind1=" " ind2="7">
    <subfield code="a">82 &#x41B;&#x456;&#x442;&#x435;&#x440;&#x430;&#x442;&#x443;&#x440;&#x430;. &#x41B;&#x456;&#x442;&#x435;&#x440;&#x430;&#x442;&#x443;&#x440;&#x43E;&#x437;&#x43D;&#x430;&#x432;&#x441;&#x442;&#x432;&#x43E;</subfield>
    <subfield code="2">UDC</subfield>
  </datafield>
  <datafield tag="999" ind1=" " ind2=" ">
    <subfield code="c">411851</subfield>
    <subfield code="d">411851</subfield>
  </datafield>
  <datafield tag="952" ind1=" " ind2=" ">
    <subfield code="0">0</subfield>
    <subfield code="1">0</subfield>
    <subfield code="2">udc</subfield>
    <subfield code="4">0</subfield>
    <subfield code="7">0</subfield>
    <subfield code="8">C_ZHULYNSKYI</subfield>
    <subfield code="a">101</subfield>
    <subfield code="b">101</subfield>
    <subfield code="d">2017-08-22</subfield>
    <subfield code="e">32/2017</subfield>
    <subfield code="g">20.00</subfield>
    <subfield code="i">154786</subfield>
    <subfield code="o">821.161.2:929 &#x424;75</subfield>
    <subfield code="p">154786</subfield>
    <subfield code="r">2022-02-06 00:00:00</subfield>
    <subfield code="w">2017-08-22</subfield>
    <subfield code="y">BK</subfield>
    <subfield code="z">&#x437; &#x430;&#x432;&#x442;&#x43E;&#x433;&#x440;&#x430;&#x444;&#x43E;&#x43C; &#x412;. &#x424;&#x43E;&#x43B;&#x44C;&#x432;&#x430;&#x440;&#x43E;&#x447;&#x43D;&#x43E;&#x433;&#x43E;</subfield>
  </datafield>
</record>
